Edison Power Ltd v SoS Environment (Record no. 66420)
[ view plain ]
| 000 -LEADER | |
|---|---|
| fixed length control field | 01400cam a2200253 4500 |
| 001 - CONTROL NUMBER | |
| control field | ABS63769 |
| 008 - FIXED-LENGTH DATA ELEMENTS--GENERAL INFORMATION | |
| fixed length control field | 000000n2001 000 0 eng u |
| 035 ## - SYSTEM CONTROL NUMBER | |
| System control number | (Sirsi) u111472 |
| 245 ## - TITLE STATEMENT | |
| Title | Edison Power Ltd v SoS Environment |
| 260 ## - PUBLICATION, DISTRIBUTION, ETC. | |
| Date of publication, distribution, etc. | 2001 |
| 490 ## - SERIES STATEMENT | |
| Series statement | Rating Appeals |
| Volume/sequential designation | [2001] RA, 1-19(10) |
| 520 ## - SUMMARY, ETC. | |
| Summary, etc. | QBD 27 November 2000. Involved two power stations, occupied by Powergen, which were included in the central rateable value list, as part of all the power stations occupied by Powergen. The two properties were sold to B on 19 July 1999 and became subject to local list rating. They were inserted in the local lists with effect from 19 July 1999, and the rates from that date were demanded and paid. The central VO (A) claimed he only had power to amend the central list from the start of the rate year (1 April). He refused to amend the list with affect from 19 July, or to refund the central list rates for the period after 19 July. The applications were dismissed. Double assessment was permitted by statute. |
| 590 ## - LOCAL NOTE (RLIN) | |
| Local note | ABS |
| 650 ## - SUBJECT ADDED ENTRY--TOPICAL TERM | |
| Topical term or geographic name entry element | R V SOS ENVIRONMENT EX P EDISON FIRST POWER LTD |
| 650 ## - SUBJECT ADDED ENTRY--TOPICAL TERM | |
| Topical term or geographic name entry element | R V CENTRAL VO EX P EDISON FIRST POWER LTD |
| 650 ## - SUBJECT ADDED ENTRY--TOPICAL TERM | |
| Topical term or geographic name entry element | CENTRAL RATING LISTS |
| 650 ## - SUBJECT ADDED ENTRY--TOPICAL TERM | |
| Topical term or geographic name entry element | LOCAL LISTS |
| 650 ## - SUBJECT ADDED ENTRY--TOPICAL TERM | |
| Topical term or geographic name entry element | RATES |
| 650 ## - SUBJECT ADDED ENTRY--TOPICAL TERM | |
| Topical term or geographic name entry element | DOUBLE ASSESSMENT |
| 650 ## - SUBJECT ADDED ENTRY--TOPICAL TERM | |
| Topical term or geographic name entry element | POWER STATIONS |
| 650 ## - SUBJECT ADDED ENTRY--TOPICAL TERM | |
| Topical term or geographic name entry element | POWERGEN |
| 690 ## - LOCAL SUBJECT ADDED ENTRY--TOPICAL TERM (OCLC, RLIN) | |
| Topical term or geographic name as entry element | RATING AND LOCAL TAXATION-CASE LAW |
| 942 ## - ADDED ENTRY ELEMENTS (KOHA) | |
| Suppress in OPAC | 0 |
| Withdrawn status | Lost status | Source of classification or shelving scheme | Damaged status | Not for loan | Home library | Current library | Shelving location | Date acquired | Total Checkouts | Full call number | Barcode | Date last seen | Copy number | Price effective from | Koha item type |
|---|---|---|---|---|---|---|---|---|---|---|---|---|---|---|---|
| Dewey Decimal Classification | London | London | Journal article | 16/03/2001 | ABS63769 | 111472-1001 | 06/08/2019 | 1 | 06/08/2019 | Law report |